[Event "Muensterland Verbandsliga 2526"]
[Site "Germany"]
[Date "2025.09.13"]
[Round "1"]
[Board "8"]
[White "Hirschmueller, Bennet"]
[Black "Eiersbrock, Jan"]
[Result "1-0"]
[WhiteElo "1715"]
[BlackElo "1571"]
[WhiteFideId "-1"]
[BlackFideId "-1"]
[PlyCount "93"]
[GameId "2223824385589233"]
[EventDate "2025.??.??"]
[EventType "team-tourn"]
[EventRounds "9"]
[EventCountry "GER"]
[SourceTitle "Verband Muensterland"]
[SourceDate "2025.11.13"]
[SourceVersion "1"]
[SourceVersionDate "2025.11.13"]
[SourceQuality "1"]
[WhiteTeam "Nienberge II"]
[BlackTeam "Duelmen"]
[WhiteTeamCountry "GER"]
[BlackTeamCountry "GER"]

1. e4 e5 2. Nf3 Nc6 3. Bc4 Bc5 4. c3 Nf6 5. d3 h6 6. b4 Bb6 7. b5 Na5 8. Nxe5 d5 9. exd5 Qe7 10. O-O O-O 11. Ng6 Qd8 12. Nxf8 Kxf8 13. h3 Nxd5 14. Bxd5 Qxd5 15. c4 Qd4 16. Ba3+ Kg8 17. Qc2 c6 18. Bb2 Qh4 19. Qc3 f6 20. d4 Be6 21. Nd2 Rd8 22. c5 Bc7 23. Nf3 Qh5 24. Nh2 Nc4 25. Rab1 cxb5 26. Rfe1 Bd5 27. Qd3 f5 28. Nf3 Be4 29. Rxe4 fxe4 30. Qxe4 Qd5 31. Qg4 Na3 32. Bxa3 Qxa2 33. Re1 Qxa3 34. Qe6+ Kh8 35. Qe7 Ba5 36. Re3 Qa1+ 37. Kh2 Qa2 38. Ne5 Rxd4 39. Rg3 Qg8 40. Ng6+ Kh7 41. Nf8+ Kh8 42. Ne6 Bd8 43. Qxb7 Bf6 44. Nxd4 Bxd4 45. c6 Bxf2 46. c7 Bxg3+ 47. Kxg3 1-0

[Event "Muensterland Verbandsliga 2526"]
[Site "Germany"]
[Date "2025.10.04"]
[Round "2"]
[Board "1"]
[White "Eiersbrock, Robin"]
[Black "Hofene, Dieter"]
[Result "1/2-1/2"]
[WhiteElo "2052"]
[BlackElo "1951"]
[WhiteFideId "-1"]
[BlackFideId "-1"]
[PlyCount "61"]
[GameId "2236515098438036"]
[EventDate "2025.??.??"]
[EventType "team-tourn"]
[EventRounds "9"]
[EventCountry "GER"]
[SourceTitle "Verband Muensterland"]
[SourceDate "2025.11.13"]
[SourceVersion "1"]
[SourceVersionDate "2025.11.13"]
[SourceQuality "1"]
[WhiteTeam "Duelmen"]
[BlackTeam "Beelen"]
[WhiteTeamCountry "GER"]
[BlackTeamCountry "GER"]

1. Nf3 Nf6 2. d4 e6 3. g3 b6 4. Bg2 Bb7 5. O-O Be7 6. c4 O-O 7. Nc3 d6 8. b3 Nbd7 9. Bb2 Re8 10. Qc2 Bf8 11. Rfd1 Qc8 12. Rac1 g6 13. e4 Bh6 14. Ra1 Bg7 15. d5 e5 16. b4 Qd8 17. a4 a5 18. bxa5 Rxa5 19. Nb5 Nc5 20. Ne1 Nfd7 21. Bc3 Ra8 22. Nd3 Nxd3 23. Qxd3 f5 24. exf5 e4 25. Qc2 gxf5 26. Bxg7 Kxg7 27. Nd4 Qf6 28. Ne6+ Rxe6 29. dxe6 Nc5 30. Ra3 Bc6 31. f3 1/2-1/2

[Event "Muensterland Verbandsliga 2526"]
[Site "Germany"]
[Date "2025.10.04"]
[Round "2"]
[Board "2"]
[White "Hanewinkel, Martin"]
[Black "Eiersbrock, Marko"]
[Result "1/2-1/2"]
[WhiteElo "1865"]
[BlackElo "1859"]
[WhiteFideId "-1"]
[BlackFideId "-1"]
[PlyCount "60"]
[GameId "2236515098438038"]
[EventDate "2025.??.??"]
[EventType "team-tourn"]
[EventRounds "9"]
[EventCountry "GER"]
[SourceTitle "Verband Muensterland"]
[SourceDate "2025.11.13"]
[SourceVersion "1"]
[SourceVersionDate "2025.11.13"]
[SourceQuality "1"]
[WhiteTeam "Beelen"]
[BlackTeam "Duelmen"]
[WhiteTeamCountry "GER"]
[BlackTeamCountry "GER"]

1. d4 d5 2. Nf3 Nf6 3. Bf4 e6 4. c3 b6 5. e3 Bd6 6. Ne5 O-O 7. Nd2 c5 8. Bd3 Ba6 9. Ndf3 Bxd3 10. Qxd3 Nh5 11. Ng5 g6 12. h4 cxd4 13. cxd4 Nxf4 14. exf4 Nd7 15. h5 Bxe5 16. hxg6 fxg6 17. Rxh7 Qf6 18. dxe5 Nxe5 19. Qh3 Nf7 20. Rxf7 Rxf7 21. Nxf7 Qxf7 22. Kf1 Rc8 23. Re1 Rc6 24. Qh4 Kg7 25. Qd8 Rc2 26. g3 Rc7 27. Kg2 Qe7 28. Qxe7+ Rxe7 29. Kf3 Kf6 30. Rc1 Rd7 1/2-1/2

[Event "Muensterland Verbandsliga 2526"]
[Site "Germany"]
[Date "2025.10.04"]
[Round "2"]
[Board "3"]
[White "Loedding, Detlef"]
[Black "Hofene, Josef"]
[Result "1-0"]
[WhiteElo "1860"]
[BlackElo "1798"]
[WhiteFideId "-1"]
[BlackFideId "-1"]
[PlyCount "103"]
[GameId "2236515098438040"]
[EventDate "2025.??.??"]
[EventType "team-tourn"]
[EventRounds "9"]
[EventCountry "GER"]
[SourceTitle "Verband Muensterland"]
[SourceDate "2025.11.13"]
[SourceVersion "1"]
[SourceVersionDate "2025.11.13"]
[SourceQuality "1"]
[WhiteTeam "Duelmen"]
[BlackTeam "Beelen"]
[WhiteTeamCountry "GER"]
[BlackTeamCountry "GER"]

1. e4 c5 2. Nf3 Nc6 3. Bb5 g6 4. Bxc6 bxc6 5. O-O Bg7 6. e5 Nh6 7. Re1 O-O 8. Nc3 d6 9. d3 Nf5 10. Ne4 Nd4 11. exd6 exd6 12. c3 Ne6 13. Be3 Rb8 14. Qd2 f5 15. Neg5 Nxg5 16. Bxg5 Bf6 17. Re2 Bxg5 18. Nxg5 Qf6 19. Rae1 Rb7 20. b3 d5 21. Ne6 Re8 22. Nxc5 Rbe7 23. d4 g5 24. Rxe7 Rxe7 25. Rxe7 Qxe7 26. Qe3 Qxe3 27. fxe3 Kf7 28. Nd3 Kf6 29. Kf2 h5 30. b4 Bd7 31. Ne5 Be8 32. a4 h4 33. a5 Ke6 34. g3 hxg3+ 35. Kxg3 Kf6 36. Nf3 Kg6 37. h4 g4 38. Ng1 Kh5 39. Ne2 Kg6 40. Nf4+ Kf6 41. Nd3 Kg6 42. Ne5+ Kh5 43. c4 dxc4 44. Nxc4 Bf7 45. Nd6 Be6 46. b5 cxb5 47. Nxb5 a6 48. Nc7 Bc8 49. d5 Kg6 50. d6 Kf6 51. h5 Kg5 52. Nxa6 1-0

[Event "Muensterland Verbandsliga 2526"]
[Site "Germany"]
[Date "2025.10.04"]
[Round "2"]
[Board "4"]
[White "Beckmann, Frank"]
[Black "Rebber, Christian"]
[Result "1/2-1/2"]
[WhiteElo "1745"]
[BlackElo "1799"]
[WhiteFideId "-1"]
[BlackFideId "-1"]
[PlyCount "49"]
[GameId "2236515098438042"]
[EventDate "2025.??.??"]
[EventType "team-tourn"]
[EventRounds "9"]
[EventCountry "GER"]
[SourceTitle "Verband Muensterland"]
[SourceDate "2025.11.13"]
[SourceVersion "1"]
[SourceVersionDate "2025.11.13"]
[SourceQuality "1"]
[WhiteTeam "Beelen"]
[BlackTeam "Duelmen"]
[WhiteTeamCountry "GER"]
[BlackTeamCountry "GER"]

1. d4 d5 2. Bf4 Nf6 3. Nf3 Bf5 4. e3 e6 5. Bd3 Bxd3 6. Qxd3 c6 7. O-O Be7 8. Nbd2 Nbd7 9. a3 O-O 10. c4 c5 11. Ne5 Nxe5 12. Bxe5 cxd4 13. Qxd4 dxc4 14. Nxc4 Qxd4 15. Bxd4 Rac8 16. Rac1 b6 17. Ne5 Bd6 18. Nc4 Bb8 19. Be5 Rxc4 20. Rxc4 Bxe5 21. b3 g6 22. Rd1 Nd5 23. e4 Nf6 24. a4 Ne8 25. Rc6 1/2-1/2

[Event "Muensterland Verbandsliga 2526"]
[Site "Germany"]
[Date "2025.10.04"]
[Round "2"]
[Board "5"]
[White "Gehlen, Horst"]
[Black "Gaebler, Marcel"]
[Result "1/2-1/2"]
[WhiteElo "1601"]
[BlackElo "1726"]
[WhiteFideId "-1"]
[BlackFideId "-1"]
[PlyCount "62"]
[GameId "2236515098438044"]
[EventDate "2025.??.??"]
[EventType "team-tourn"]
[EventRounds "9"]
[EventCountry "GER"]
[SourceTitle "Verband Muensterland"]
[SourceDate "2025.11.13"]
[SourceVersion "1"]
[SourceVersionDate "2025.11.13"]
[SourceQuality "1"]
[WhiteTeam "Duelmen"]
[BlackTeam "Beelen"]
[WhiteTeamCountry "GER"]
[BlackTeamCountry "GER"]

1. e4 c5 2. Nf3 Nc6 3. d4 cxd4 4. Nxd4 e5 5. Nb5 a6 6. Nd6+ Bxd6 7. Qxd6 Qf6 8. Qc7 Qg6 9. f3 Nge7 10. Nc3 O-O 11. Be3 d6 12. O-O-O Rd8 13. Nd5 Nxd5 14. exd5 Rd7 15. Qb6 Ne7 16. Rg1 Nf5 17. Bd3 Qf6 18. Bf2 Nh6 19. Be3 Nf5 20. Bd2 Ne7 21. Be4 Ng6 22. Ba5 Qf4+ 23. Kb1 Qxh2 24. Bf5 Rc7 25. Qxc7 Bxf5 26. Qxb7 Rc8 27. Bc3 Nf4 28. Qxa6 Nxd5 29. Qa5 Ne3 30. Rc1 Nxc2 31. a3 Ne1+ 1/2-1/2

[Event "Muensterland Verbandsliga 2526"]
[Site "Germany"]
[Date "2025.10.04"]
[Round "2"]
[Board "6"]
[White "Austermann, Reinhold"]
[Black "Sindermann, Erwin"]
[Result "1-0"]
[WhiteElo "1786"]
[BlackElo "1769"]
[WhiteFideId "-1"]
[BlackFideId "-1"]
[PlyCount "75"]
[GameId "2236515098438046"]
[EventDate "2025.??.??"]
[EventType "team-tourn"]
[EventRounds "9"]
[EventCountry "GER"]
[SourceTitle "Verband Muensterland"]
[SourceDate "2025.11.13"]
[SourceVersion "1"]
[SourceVersionDate "2025.11.13"]
[SourceQuality "1"]
[WhiteTeam "Beelen"]
[BlackTeam "Duelmen"]
[WhiteTeamCountry "GER"]
[BlackTeamCountry "GER"]

1. d4 d5 2. e3 e6 3. Bd3 f5 4. f4 Nf6 5. Nf3 Bd6 6. c4 c6 7. O-O O-O 8. c5 Bc7 9. b4 Ne4 10. Ne5 Nd7 11. Nd2 Nxe5 12. fxe5 Bd7 13. Bb2 Qg5 14. Rf4 Nxd2 15. Qxd2 Qe7 16. a4 g5 17. Rf2 Rf7 18. b5 Raf8 19. Ba3 f4 20. e4 f3 21. g3 g4 22. a5 Bd8 23. a6 bxa6 24. bxc6 Bxc6 25. exd5 exd5 26. Bxa6 Qg5 27. Bc1 Qxd2 28. Bxd2 Bc7 29. Bd3 Bb8 30. Bg5 Rb7 31. Ra6 Bb5 32. Bxb5 Rxb5 33. Bh6 Re8 34. h3 Rb1+ 35. Kh2 gxh3 36. Rxf3 Rd1 37. Rf4 Rd8 38. Raf6 1-0

[Event "Muensterland Verbandsliga 2526"]
[Site "Germany"]
[Date "2025.10.04"]
[Round "2"]
[Board "7"]
[White "Reufer, Berthold"]
[Black "Hofene, Markus"]
[Result "0-1"]
[WhiteElo "1593"]
[BlackElo "1659"]
[WhiteFideId "-1"]
[BlackFideId "-1"]
[PlyCount "110"]
[GameId "2236515098438048"]
[EventDate "2025.??.??"]
[EventType "team-tourn"]
[EventRounds "9"]
[EventCountry "GER"]
[SourceTitle "Verband Muensterland"]
[SourceDate "2025.11.13"]
[SourceVersion "1"]
[SourceVersionDate "2025.11.13"]
[SourceQuality "1"]
[WhiteTeam "Duelmen"]
[BlackTeam "Beelen"]
[WhiteTeamCountry "GER"]
[BlackTeamCountry "GER"]

1. e4 c6 2. d4 d5 3. Nc3 dxe4 4. Nxe4 Nd7 5. Be3 Ndf6 6. Bd3 Nxe4 7. Bxe4 Nf6 8. Qd3 g6 9. Ne2 Nxe4 10. Qxe4 Bg7 11. Qd3 Bf5 12. Qd2 O-O 13. O-O Re8 14. c3 Qc7 15. Ng3 Bg4 16. h3 Bd7 17. Rfe1 Rad8 18. Bf4 Qb6 19. Bg5 Be6 20. Qe2 h6 21. Be3 Qc7 22. Ne4 b6 23. Qd2 Kh7 24. Bf4 Qc8 25. Qe2 Bd5 26. Ng3 c5 27. c4 Bxc4 28. Qxc4 Rxd4 29. Qxf7 Rf8 30. Qxe7 Rdxf4 31. f3 R8f7 32. Qe2 Rb4 33. Rab1 Qd8 34. Kh1 Rd7 35. Ne4 Rbd4 36. b3 Qf8 37. Rbd1 Qf4 38. Rxd4 cxd4 39. Qd2 Qxd2 40. Nxd2 Rc7 41. Rd1 Rc2 42. a4 Rb2 43. Kg1 d3 44. Kf2 Bd4+ 45. Kf1 Bc5 46. Ne4 Rxb3 47. Nxc5 bxc5 48. Kf2 c4 49. Ke3 Ra3 50. Rb1 Rxa4 51. f4 Ra2 52. g4 Re2+ 53. Kf3 c3 54. Rb7+ Kg8 55. Rc7 c2 0-1

[Event "Muensterland Verbandsliga 2526"]
[Site "Germany"]
[Date "2025.10.04"]
[Round "2"]
[Board "8"]
[White "Fuisting, Dominik"]
[Black "Eiersbrock, Jan"]
[Result "0-1"]
[WhiteElo "1808"]
[BlackElo "1571"]
[WhiteFideId "-1"]
[BlackFideId "-1"]
[PlyCount "98"]
[GameId "2236515098438050"]
[EventDate "2025.??.??"]
[EventType "team-tourn"]
[EventRounds "9"]
[EventCountry "GER"]
[SourceTitle "Verband Muensterland"]
[SourceDate "2025.11.13"]
[SourceVersion "1"]
[SourceVersionDate "2025.11.13"]
[SourceQuality "1"]
[WhiteTeam "Beelen"]
[BlackTeam "Duelmen"]
[WhiteTeamCountry "GER"]
[BlackTeamCountry "GER"]

1. d4 d5 2. e3 Bf5 3. Bd3 Bxd3 4. Qxd3 c6 5. Nd2 Nf6 6. Ngf3 Nbd7 7. e4 dxe4 8. Nxe4 Nxe4 9. Qxe4 Nf6 10. Qe2 e6 11. O-O Be7 12. c3 O-O 13. Ne5 h6 14. Be3 Qc7 15. Ng4 Nxg4 16. Qxg4 f5 17. Bf4 e5 18. Qxg7+ Kxg7 19. Bxe5+ Qxe5 20. dxe5 Rad8 21. Rad1 Rxd1 22. Rxd1 Rd8 23. Rxd8 Bxd8 24. f4 Bb6+ 25. Kf1 Kf7 26. Ke2 Ke6 27. c4 a5 28. b3 Bc5 29. h3 h5 30. a4 h4 31. Kd3 Bf8 32. Ke3 Bh6 33. Kf3 Kd7 34. Ke3 Kc7 35. Kf3 Kb6 36. g4 hxg3 37. Kxg3 Kc5 38. h4 b5 39. cxb5 cxb5 40. axb5 Kxb5 41. h5 Kc5 42. Kf3 Kd5 43. Ke3 Ke6 44. Kf3 Kf7 45. Ke3 Kg7 46. Kf3 Kg8 47. Kg3 Bf8 48. Kf3 Kh7 49. Ke3 Kh6 0-1

[Event "Muensterland Verbandsliga 2526"]
[Site "Germany"]
[Date "2025.10.04"]
[Round "2"]
[Board "1"]
[White "Kloster, Josef"]
[Black "Weist, Thorsten"]
[Result "1/2-1/2"]
[WhiteElo "2003"]
[BlackElo "1734"]
[WhiteFideId "-1"]
[BlackFideId "-1"]
[PlyCount "85"]
[GameId "2236515128593056"]
[EventDate "2025.??.??"]
[EventType "team-tourn"]
[EventRounds "9"]
[EventCountry "GER"]
[SourceTitle "Verband Muensterland"]
[SourceDate "2025.11.13"]
[SourceVersion "1"]
[SourceVersionDate "2025.11.13"]
[SourceQuality "1"]
[WhiteTeam "Stadtlohn"]
[BlackTeam "Emsdetten Rochade II"]
[WhiteTeamCountry "GER"]
[BlackTeamCountry "GER"]

1. e4 c5 2. Nc3 Nc6 3. Nge2 Nf6 4. d4 cxd4 5. Nxd4 e5 6. Ndb5 d6 7. Bg5 a6 8. Na3 b5 9. Nd5 Qa5+ 10. Bd2 Qd8 11. c4 b4 12. Nxf6+ Qxf6 13. Nc2 a5 14. Ne3 Qg6 15. Bd3 Be7 16. O-O O-O 17. f4 exf4 18. Nd5 Bg5 19. Nxf4 Bxf4 20. Bxf4 Ne5 21. Bc2 Bg4 22. Qd5 Be2 23. Rf2 Bxc4 24. Qd4 Qe6 25. b3 Ba6 26. Rd1 Rfd8 27. Rfd2 h6 28. Qb6 Ng6 29. Bg3 Qc8 30. Bxd6 Qb7 31. Qe3 Rac8 32. e5 Qc6 33. Be4 Qc3 34. Qe1 Nf4 35. Qf2 Ne6 36. Qf5 g6 37. Qg4 Qe3+ 38. Kh1 h5 39. Qf3 Qxf3 40. Bxf3 Rc3 41. h4 Rdc8 42. Be7 Bb5 43. Bd5 1/2-1/2

[Event "Muensterland Verbandsliga 2526"]
[Site "Germany"]
[Date "2025.10.04"]
[Round "2"]
[Board "2"]
[White "Lehmann, Mona"]
[Black "Bußwolder, Peter"]
[Result "1/2-1/2"]
[WhiteElo "1869"]
[BlackElo "1755"]
[WhiteFideId "-1"]
[BlackFideId "-1"]
[PlyCount "60"]
[GameId "2236515128593058"]
[EventDate "2025.??.??"]
[EventType "team-tourn"]
[EventRounds "9"]
[EventCountry "GER"]
[SourceTitle "Verband Muensterland"]
[SourceDate "2025.11.13"]
[SourceVersion "1"]
[SourceVersionDate "2025.11.13"]
[SourceQuality "1"]
[WhiteTeam "Emsdetten Rochade II"]
[BlackTeam "Stadtlohn"]
[WhiteTeamCountry "GER"]
[BlackTeamCountry "GER"]

1. e4 g6 2. d4 Bg7 3. Nf3 d6 4. Bc4 a6 5. a4 b6 6. O-O e6 7. c3 Ne7 8. Bg5 h6 9. Bh4 Nd7 10. Qe2 O-O 11. Nbd2 g5 12. Bg3 Ng6 13. h3 Nf6 14. Ne1 e5 15. Nc2 Bb7 16. Bd3 Re8 17. Rad1 Qe7 18. d5 Kh8 19. Nb4 a5 20. Nc6 Bxc6 21. dxc6 Nh7 22. Nf3 Nf4 23. Bxf4 gxf4 24. Kh2 Rg8 25. Rg1 Bf6 26. Bc4 Rg6 27. g3 fxg3+ 28. fxg3 Rag8 29. Rdf1 R6g7 30. Qe3 Rg6 1/2-1/2

[Event "Muensterland Verbandsliga 2526"]
[Site "Germany"]
[Date "2025.10.04"]
[Round "2"]
[Board "3"]
[White "Kloster, Daniel"]
[Black "Luecke, Thomas"]
[Result "1/2-1/2"]
[WhiteElo "1694"]
[BlackElo "1883"]
[WhiteFideId "-1"]
[BlackFideId "-1"]
[PlyCount "95"]
[GameId "2236515128593060"]
[EventDate "2025.??.??"]
[EventType "team-tourn"]
[EventRounds "9"]
[EventCountry "GER"]
[SourceTitle "Verband Muensterland"]
[SourceDate "2025.11.13"]
[SourceVersion "1"]
[SourceVersionDate "2025.11.13"]
[SourceQuality "1"]
[WhiteTeam "Stadtlohn"]
[BlackTeam "Emsdetten Rochade II"]
[WhiteTeamCountry "GER"]
[BlackTeamCountry "GER"]

1. d4 Nf6 2. Bf4 d5 3. e3 c5 4. c3 Qb6 5. Qb3 Nc6 6. Qxb6 axb6 7. Bc7 c4 8. Bxb6 Bf5 9. Na3 e6 10. Nb5 Kd7 11. Nf3 Ne8 12. a4 Ra6 13. a5 Be7 14. Ne5+ Nxe5 15. dxe5 Ra8 16. Rd1 Kc8 17. f3 Bc2 18. Rd2 Ba4 19. Nd4 Bd8 20. Bxd8 Kxd8 21. e4 Rxa5 22. Bxc4 Bd7 23. exd5 exd5 24. Bb3 Nc7 25. Kf2 Ke7 26. Re1 Rha8 27. f4 g6 28. h3 h5 29. Kf3 R8a6 30. g4 hxg4+ 31. hxg4 Ra8 32. Rh1 Ne6 33. f5 Nxd4+ 34. Rxd4 gxf5 35. gxf5 Bxf5 36. Bxd5 Be6 37. Rhd1 Rb5 38. R1d2 Raa5 39. c4 Rb3+ 40. R4d3 Rb4 41. Bxe6 Kxe6 42. Rd5 Ra2 43. Rd6+ Ke7 44. Rd7+ Ke8 45. Kf4 Rbxb2 46. Rd8+ Ke7 47. R2d7+ Ke6 48. Rd6+ 1/2-1/2

[Event "Muensterland Verbandsliga 2526"]
[Site "Germany"]
[Date "2025.10.04"]
[Round "2"]
[Board "4"]
[White "Fehlings, Gerd"]
[Black "Hoetzel, Michael"]
[Result "0-1"]
[WhiteElo "1730"]
[BlackElo "1582"]
[WhiteFideId "-1"]
[BlackFideId "-1"]
[PlyCount "78"]
[GameId "2236515128593062"]
[EventDate "2025.??.??"]
[EventType "team-tourn"]
[EventRounds "9"]
[EventCountry "GER"]
[SourceTitle "Verband Muensterland"]
[SourceDate "2025.11.13"]
[SourceVersion "1"]
[SourceVersionDate "2025.11.13"]
[SourceQuality "1"]
[WhiteTeam "Emsdetten Rochade II"]
[BlackTeam "Stadtlohn"]
[WhiteTeamCountry "GER"]
[BlackTeamCountry "GER"]

1. d4 Nf6 2. Nf3 d5 3. c4 e6 4. g3 c6 5. Bg2 Be7 6. O-O O-O 7. Qc2 Nbd7 8. b3 Re8 9. Rd1 h6 10. Nc3 Bb4 11. Bb2 Bxc3 12. Bxc3 Ne4 13. Bb2 Qe7 14. Rac1 Ndf6 15. Ne5 Ng5 16. f3 Nd7 17. Rd2 Nxe5 18. dxe5 Bd7 19. f4 Nh7 20. Rcd1 Red8 21. e4 dxc4 22. Qxc4 Be8 23. Rd6 Nf8 24. Bf3 g6 25. Qc3 Rd7 26. Kg2 Rc8 27. h4 Rcc7 28. Qc2 Kh7 29. Bc1 f5 30. h5 Qg7 31. hxg6+ Bxg6 32. Qe2 Kg8 33. exf5 Bxf5 34. g4 h5 35. Kh3 hxg4+ 36. Bxg4 Qh6+ 37. Kg3 Rg7 38. Rg1 Rxg4+ 39. Kf2 Qh2+ 0-1

[Event "Muensterland Verbandsliga 2526"]
[Site "Germany"]
[Date "2025.10.04"]
[Round "2"]
[Board "5"]
[White "Becking, Stefan"]
[Black "Colmer, Willi"]
[Result "1-0"]
[WhiteElo "1704"]
[BlackElo "1749"]
[WhiteFideId "-1"]
[BlackFideId "-1"]
[PlyCount "87"]
[GameId "2236515128593064"]
[EventDate "2025.??.??"]
[EventType "team-tourn"]
[EventRounds "9"]
[EventCountry "GER"]
[SourceTitle "Verband Muensterland"]
[SourceDate "2025.11.13"]
[SourceVersion "1"]
[SourceVersionDate "2025.11.13"]
[SourceQuality "1"]
[WhiteTeam "Stadtlohn"]
[BlackTeam "Emsdetten Rochade II"]
[WhiteTeamCountry "GER"]
[BlackTeamCountry "GER"]

1. e4 c5 2. d4 cxd4 3. c3 dxc3 4. Nxc3 d6 5. Bc4 Nc6 6. Nf3 a6 7. O-O Nf6 8. h3 e6 9. a4 Be7 10. Qe2 O-O 11. Rd1 Qc7 12. Bf4 Rd8 13. Rac1 Qa5 14. g4 Ne5 15. Nxe5 dxe5 16. Rxd8+ Bxd8 17. b4 Qc7 18. Be3 Be7 19. b5 Bc5 20. Bg5 Qa5 21. Bxf6 gxf6 22. Qf3 Bd4 23. Qxf6 Bd7 24. Ne2 Qd8 25. Qh6 axb5 26. Ng3 Qf8 27. Qh4 bxc4 28. Nh5 Qh6 29. g5 Qg6 30. Nf6+ Kg7 31. Nxd7 Rxa4 32. Rc2 b5 33. Qg4 h5 34. Qg2 h4 35. Nf6 Ra3 36. Qg4 Rc3 37. Ra2 Rc1+ 38. Kg2 Ra1 39. Rxa1 Bxa1 40. Qxh4 c3 41. Nh5+ Kf8 42. Nf6 Ke7 43. f4 exf4 44. Qxf4 1-0

[Event "Muensterland Verbandsliga 2526"]
[Site "Germany"]
[Date "2025.10.04"]
[Round "2"]
[Board "6"]
[White "Gerighausen, Karl Heinz"]
[Black "Schlattmann, Martin"]
[Result "1/2-1/2"]
[WhiteElo "1639"]
[BlackElo "1737"]
[WhiteFideId "-1"]
[BlackFideId "-1"]
[PlyCount "42"]
[GameId "2236515128593066"]
[EventDate "2025.??.??"]
[EventType "team-tourn"]
[EventRounds "9"]
[EventCountry "GER"]
[SourceTitle "Verband Muensterland"]
[SourceDate "2025.11.13"]
[SourceVersion "1"]
[SourceVersionDate "2025.11.13"]
[SourceQuality "1"]
[WhiteTeam "Emsdetten Rochade II"]
[BlackTeam "Stadtlohn"]
[WhiteTeamCountry "GER"]
[BlackTeamCountry "GER"]

1. Nf3 Nf6 2. g3 d6 3. Bg2 g6 4. O-O Bg7 5. d3 O-O 6. e4 e5 7. Nbd2 Nc6 8. Re1 Nh5 9. Nf1 h6 10. c3 Kh7 11. a4 f5 12. a5 f4 13. d4 Bg4 14. d5 Nb8 15. h3 Bxf3 16. Bxf3 fxg3 17. fxg3 Nf6 18. b4 Nbd7 19. Be3 Qe7 20. Kg2 Ng8 21. Nd2 a6 1/2-1/2

[Event "Muensterland Verbandsliga 2526"]
[Site "Germany"]
[Date "2025.10.04"]
[Round "2"]
[Board "7"]
[White "Pusch, Herbert"]
[Black "Schulte, Ralf"]
[Result "0-1"]
[WhiteElo "1494"]
[BlackElo "1745"]
[WhiteFideId "-1"]
[BlackFideId "-1"]
[PlyCount "122"]
[GameId "2236515128593068"]
[EventDate "2025.??.??"]
[EventType "team-tourn"]
[EventRounds "9"]
[EventCountry "GER"]
[SourceTitle "Verband Muensterland"]
[SourceDate "2025.11.13"]
[SourceVersion "1"]
[SourceVersionDate "2025.11.13"]
[SourceQuality "1"]
[WhiteTeam "Stadtlohn"]
[BlackTeam "Emsdetten Rochade II"]
[WhiteTeamCountry "GER"]
[BlackTeamCountry "GER"]

1. g3 d5 2. Bg2 c6 3. d4 Bf5 4. c3 e6 5. f4 Nf6 6. Nf3 Nbd7 7. Nbd2 Bd6 8. Ne5 O-O 9. O-O Qb6 10. e3 Rad8 11. Ndf3 h6 12. Nxd7 Nxd7 13. Ne5 f6 14. Ng4 e5 15. Nf2 Bb8 16. Qh5 Bh7 17. f5 e4 18. Nd1 Qc7 19. b3 Rfe8 20. Ba3 Qa5 21. Bb4 Qb6 22. Rf2 a5 23. Ba3 Qc7 24. c4 Ba7 25. Rc1 Qb8 26. Rfc2 Nb6 27. Bc5 dxc4 28. Bxb6 Bxb6 29. Rxc4 Qc8 30. g4 Kh8 31. Nf2 Bg8 32. R4c2 Bd5 33. h4 Qd7 34. g5 fxg5 35. hxg5 Qxf5 36. Nh3 Bf7 37. Qe2 hxg5 38. Rf1 Qg6 39. Qg4 Bd5 40. Qxg5 Qxg5 41. Nxg5 Kg8 42. Rf4 Rf8 43. Rcf2 Bc7 44. Rxf8+ Rxf8 45. Rxf8+ Kxf8 46. Bxe4 Bxe4 47. Nxe4 Kf7 48. Kf2 b6 49. Kf3 Ke6 50. Nc3 Bd8 51. e4 Bf6 52. d5+ Kd6 53. Na4 b5 54. Nb6 Kc7 55. Na8+ Kb7 56. dxc6+ Kxa8 57. Kf4 Kb8 58. e5 Be7 59. Kf5 Kc7 60. Ke6 Bb4 61. Kf7 g5 0-1

[Event "Muensterland Verbandsliga 2526"]
[Site "Germany"]
[Date "2025.10.04"]
[Round "2"]
[Board "8"]
[White "Peters, Tobias"]
[Black "Schley, Alfred"]
[Result "1/2-1/2"]
[WhiteElo "1613"]
[BlackElo "1676"]
[WhiteFideId "-1"]
[BlackFideId "-1"]
[PlyCount "78"]
[GameId "2236515128593070"]
[EventDate "2025.??.??"]
[EventType "team-tourn"]
[EventRounds "9"]
[EventCountry "GER"]
[SourceTitle "Verband Muensterland"]
[SourceDate "2025.11.13"]
[SourceVersion "1"]
[SourceVersionDate "2025.11.13"]
[SourceQuality "1"]
[WhiteTeam "Emsdetten Rochade II"]
[BlackTeam "Stadtlohn"]
[WhiteTeamCountry "GER"]
[BlackTeamCountry "GER"]

1. e4 e5 2. d4 exd4 3. Nf3 d5 4. exd5 Qxd5 5. c3 Qe6+ 6. Be2 dxc3 7. Nxc3 Nf6 8. O-O Be7 9. Ng5 Qd7 10. Qb3 O-O 11. Bc4 Bd6 12. Rd1 Nc6 13. Bf1 h6 14. Nge4 Nxe4 15. Nxe4 Re8 16. Nxd6 cxd6 17. Bf4 Ne5 18. Bb5 Nc6 19. Rxd6 Qe7 20. Qg3 Be6 21. Bxh6 Qf6 22. Bc1 Nd4 23. Bd3 Bf5 24. Bg5 Qe5 25. Qxe5 Rxe5 26. Rxd4 Bxd3 27. Rxd3 Rxg5 28. Rd7 Rb5 29. b3 Rc8 30. h4 Rc2 31. Re1 Rf5 32. f3 Rxa2 33. Rxb7 a5 34. Re8+ Kh7 35. Ree7 Kg6 36. Re4 Rb2 37. Rg4+ Kh7 38. Rb8 Rd5 39. Rb7 Rf5 1/2-1/2